Development Economics

Salvato in:
Dettagli Bibliografici
Autore principale: H.L. Ahuja
Natura: Libro
Pubblicazione: S. Chand
Soggetti:
Tags: Aggiungi Tag
Nessun Tag, puoi essere il primo ad aggiungerne!!

MARC

LEADER 00000nam a2200000Ia 4500
005 20260427112659.0
526 |b Economics 
100 |a H.L. Ahuja 
020 |a 9789385676475 
650 |a Development Economics 
526 |a Bachelors 
942 |c BK 
245 |a Development Economics 
260 |b S. Chand 
999 |c 54  |d 54 
952 |0 0  |1 0  |4 0  |7 0  |8 1  |a BRISTOL  |b BRISTOL  |d 2026-04-22  |l 0  |p 000011  |r 2026-04-27 11:26:59  |w 2026-04-27  |y BK